Statistics for Oldest Cities in Alberta

Click here to take the quiz!

General Stats

  • This quiz has been taken 20 times
  • The average score is 9 of 18

Answer Stats

Incorporation Date City % Correct
January 1, 1894Calgary
100%
October 8, 1904Edmonton
100%
May 9, 1906Lethbridge
80%
March 25, 1913Red Deer
80%
May 9, 1906Medicine Hat
73%
January 1, 1958Grande Prairie
53%
September 1, 1983Leduc
53%
May 9, 1906Wetaskiwin
47%
January 1, 1985Airdrie
47%
January 1, 1977St. Albert
40%
January 1, 1955Camrose
40%
January 1, 1958Lloydminster
33%
July 1, 1985Fort Saskatchewan
33%
September 1, 2005Brooks
27%
October 1, 2000Cold Lake
20%
September 5, 2010Lacombe
20%
March 1, 1986Spruce Grove
13%
January 1, 2015Chestermere
7%

Score Distribution

Percentile by Number Answered

Percent of People with Each Score

Your Score History

You have not taken this quiz